000 00669nam a2200193 i 4500
001 70806
003 ES-MaACL
005 20250906063052.0
007 t|
008 040803s1980 sp ||||1| spa d
100 1 _aGarrido Falla, Fernando,
_d1921-2003
_955700
245 1 3 _aLa Administración en la Constitución /
_cFernando Garrido Falla, M. Baena del Alcázar, Rafael Entrena Cuesta.
260 _aMadrid :
_bCentro de Estudios Constitucionales,
_c1980.
300 _a132 p. ;
_c21 cm.
700 1 _aBaena del Alcázar, Mariano.
_924589
700 1 _aEntrena Cuesta, Rafael.
_947311
852 _aES-MaACL
_jC-11330
_bR.100229
999 _c70806
_d70806